000 00492nam a2200169 i 4500
001 133987
003 ES-MaACL
005 20230906194555.0
007 t|
008 070904s1962 sp ||||1| spa d
100 1 _aWest, Morris L.
_9116550
245 1 0 _aHijos del sol /
_cMorris West ; [traducción de Estela Lorca de Rojo].
260 _aBarcelona :
_bPomaire,
_c1962.
300 _a214 p. ;
_c20 cm.
700 1 _aLorca de Rojo, Estela.
_974075
852 _aES-MaACL
_jC-35603
_bR.68746
999 _c133987
_d133987